000 00767nam a2200277 a 4500
003 AR-BaBNM
005 20251128203454.0
008 082120s2002 ||||||||||||||000 | spa||
040 _cAR-BaBNM
100 1 _aKeynes, John Maynard
245 0 0 _aTeoría general de la ocupación, el interés y el dinero
250 _a3ª ed.
260 _aMéxico, D.F.
_bFondo de Cultura Económica
_c1956
300 _a379 p.
490 0 _aObras de economía
500 _aIndice analítico al final del texto
650 4 _aDOCTRINAS ECONOMICAS
650 4 _aTEORIA ECONOMICA
650 4 _aPOLITICA ECONOMICA
650 4 _aDINERO
650 4 _aINTERES
650 4 _aECONOMIA DEL TRABAJO
700 1 _aHornero, Eduardo
_etraductor
942 _cBK
998 _cCarmen
999 _c3541
_d3541